000
00329nam a2200133Ia 4500
005
20251222144706.0
008
251222s9999||||xx |||||||||||||| ||spa||
020
_a
84-283-2089-6
082
_a
658.1/T47
100
_a
Thibaut, Jean Pierre
245
0
_a
Manual de Diagnóstico en la Empresa
264
_b
Paraninfo
942
_c
LIB
999
_c
17657
_d
17657